Athletics by Picture - 110 / 100 m hurdles - Statistics

General Stats
  • This quiz has been taken 17 times
  • The average score is 5 of 20
Answer Stats
Picture Hint Answer % Correct
GBR - World champion 1993 & 1999 Colin Jackson
60%
USA - World champion 1993, 1995 & 1999 Gail Devers
60%
USA - WR holder, Olympic champion 2012 Aries Merritt
53%
CHN - Olympic champion 2004, World champion 2007 Liu Xiang
40%
NGR - WR holder, World champion 2022 Tobi Amusan
33%
USA - Olympic champion 1996, World champion 1995, 1997, 2001 & 2003 Allen Johnson
27%
USA - Olympic champion 2024, World champion 2019, 2022 & 2023 Grant Holloway
27%
USA - World champion 1983, 1987 & 1991 Greg Foster
27%
PUR - Olympic champion 2020 Jasmine Camacho-Quinn
27%
USA - Olympic champion 1984 & 1988 Roger Kingdom
27%
AUS - Olympic champion 1996, World champion 2011 & 2017 Sally Pearson
27%
CUB - Olympic champion 2000 Anier Garcia
20%
JAM - World champion 2015 & 2023 Danielle Williams
20%
CUB - Olympic champion 2008 Dayron Robles
20%
JAM - Olympic champion 2020 Hansle Parchment
20%
SWE - Olympic champion 1996, World champion 1991 & 1997 Ludmilla Narozhilenko Engquist
13%
BUL - Olympic champion 1988 Yordanka Donkova
13%
USA - Olympic champion 2024 Masai Russell
7%
USA - Olympic champion 2016, World champion 2013 Brianna Rollins
0%
USA - World champion 2005 & 2007 Michelle Perry
0%
No matching quizzes found
Score Distribution
Percent of People with Each Score
Percentile by Number Answered
Your Score History
You have not taken this quiz